Write right : an English handbook. / (Record no. 8593)

MARC details
000 -LEADER
fixed length control field 01351cam a2200361 a 4500
001 - CONTROL NUMBER
control field 1170906
003 - CONTROL NUMBER IDENTIFIER
control field OSt
005 - DATE AND TIME OF LATEST TRANSACTION
control field 20220202114534.0
008 - FIXED-LENGTH DATA ELEMENTS--GENERAL INFORMATION
fixed length control field 960507s1996 inu bf 001 0 eng d
010 ## - LIBRARY OF CONGRESS CONTROL NUMBER
LC control number 96157725
020 ## - INTERNATIONAL STANDARD BOOK NUMBER
International Standard Book Number 0873675274
035 ## - SYSTEM CONTROL NUMBER
System control number (OCoLC)34688510
040 ## - CATALOGING SOURCE
Original cataloging agency TxSalA
Transcribing agency TxSalA
Modifying agency DLC
042 ## - AUTHENTICATION CODE
Authentication code lccopycat
050 00 - LIBRARY OF CONGRESS CALL NUMBER
Classification number PE1408.F87
082 00 - DEWEY DECIMAL CLASSIFICATION NUMBER
Classification number 808/.042
Edition number 21
100 1# - MAIN ENTRY--PERSONAL NAME
Personal name Furnish, Bob.
245 10 - TITLE STATEMENT
Title Write right : an English handbook. /
250 ## - EDITION STATEMENT
Edition statement Rev. and expanded /
Remainder of edition statement by Bob Furnish.
260 ## - PUBLICATION, DISTRIBUTION, ETC.
Place of publication, distribution, etc. Bloomington, Ind. :
Name of publisher, distributor, etc. Phi Delta Kappa,
Date of publication, distribution, etc. 1996.
300 ## - PHYSICAL DESCRIPTION
Extent x, 330 p. :
Other physical details ill. ;
Dimensions 23 cm.
500 ## - GENERAL NOTE
General note Rev. ed. of: Write right. 1980.
500 ## - GENERAL NOTE
General note "The original edition ... was developed by members of the Stevens Point Area public schools ... as part of the Competency Based Education Program"--P. viii.
504 ## - BIBLIOGRAPHY, ETC. NOTE
Bibliography, etc. note Includes bibliographical references (319-320) and index.
505 ## - FORMATTED CONTENTS NOTE
Formatted contents note Contents:
650 #0 - SUBJECT ADDED ENTRY--TOPICAL TERM
Topical term or geographic name entry element English language
General subdivision Composition and exercises
-- Handbooks, manuals, etc.
650 #0 - SUBJECT ADDED ENTRY--TOPICAL TERM
Topical term or geographic name entry element English language
General subdivision Grammar
-- Handbooks, manuals, etc.
650 #0 - SUBJECT ADDED ENTRY--TOPICAL TERM
Topical term or geographic name entry element Report writing
General subdivision Handbooks, manuals, etc.
730 0# - ADDED ENTRY--UNIFORM TITLE
Uniform title Write right.
906 ## - LOCAL DATA ELEMENT F, LDF (RLIN)
a 7
b cbc
c copycat
d 3
e ncip
f 19
g y-gencatlg
942 ## - ADDED ENTRY ELEMENTS (KOHA)
Source of classification or shelving scheme Library of Congress Classification
Koha item type Books
Holdings
Withdrawn status Lost status Source of classification or shelving scheme Damaged status Not for loan Home library Current library Shelving location Date acquired Source of acquisition Total Checkouts Full call number Barcode Date last seen Price effective from Koha item type
    Library of Congress Classification     WISCONSIN INTERNATIONAL UNIVERSITY COLLEGE, GHANA KUMASI LIBRARY WISCONSIN INTERNATIONAL UNIVERSITY COLLEGE, GHANA KUMASI LIBRARY General Stacks 22/10/2019 STM   PE1408.F87 K/208/208/19 02/02/2022 02/02/2022 Books

If you have any concerns or questions; kindly contact the library


© Powered by WIUC ICT DIRECTORATE